| 000 | 00562nam a22001577a 4500 | ||
|---|---|---|---|
| 008 | 150601b xxu||||| |||| 00| 0 eng d | ||
| 050 | _aQC173.59.S65T6 | ||
| 100 |
_aTornebohm, Hakan _917943 |
||
| 245 |
_aConcepts and principles in the space-time theory within einstein's special theory of reality _c/by Hakan Tornebohm |
||
| 260 |
_aGoteborg, Sweden _c1963 |
||
| 300 |
_a98p. ; _c24cm. |
||
| 440 |
_aGothenburg studies in philosophy _nno. 2 _917944 |
||
| 650 |
_aSpace and time _92213 |
||
| 650 |
_aRealitivity (physics) _917945 |
||
| 942 |
_2lcc _cMONOGRAPH |
||
| 999 |
_c122870 _d122870 |
||